Central Library OPAC University of Rajshahi

Behramji Malabori A Biographical Sketch / (Record no. 71262)

MARC details
000 -LEADER
fixed length control field 00644nam a2200217 a 4500
001 - CONTROL NUMBER
control field 71262
003 - CONTROL NUMBER IDENTIFIER
rucl marc code BD-RjUL
005 - DATE AND TIME OF LATEST TRANSACTION
control field 20211209082108.0
008 - FIXED-LENGTH DATA ELEMENTS--GENERAL INFORMATION
fixed length control field 170430s1891 en | || |||| 000 0 eng d
035 ## - SYSTEM CONTROL NUMBER
System control number (BD-RjUL)71477
040 ## - CATALOGING SOURCE
Original cataloging agency BD-RjUL
Language of cataloging eng
Transcribing agency BD-RjUL
041 ## - LANGUAGE CODE
Language code of text/sound track or separate title eng
082 ## - DEWEY DECIMAL CLASSIFICATION NUMBER
Edition number 23
Classification number 954.035
Author mark and year NIB 1891
100 1# - MAIN ENTRY--PERSONAL NAME
Personal name Nighlingale, F.
9 (RLIN) 210841
245 10 - TITLE STATEMENT
Title Behramji Malabori A Biographical Sketch /
Statement of responsibility, etc. F. Nighlingale.
260 ## - PUBLICATION, DISTRIBUTION, ETC. (IMPRINT)
Place of publication, distribution, etc. London :
Name of publisher, distributor, etc. Unwinbrothers,
Date of publication, distribution, etc. 1891
300 ## - PHYSICAL DESCRIPTION
Pagination xii, 254, 21 p. ;
Size 19 cm.
504 ## - BIBLIOGRAPHY, ETC. NOTE
Bibliography, etc Includes Referential Bibliography
650 ## - SUBJECT ADDED ENTRY--TOPICAL TERM
Topical term or geographic name as entry element Social Workers
9 (RLIN) 210842
General subdivision A Biography
Chronological subdivision India
942 ## - ADDED ENTRY ELEMENTS (KOHA)
Source of classification or shelving scheme Dewey Decimal Classification
Koha item type Books
Holdings
Lost status Source of classification or shelving scheme Damaged status Not for loan Collection code Permanent Location Current Location Shelving location Date acquired Source of acquisition Cost, normal purchase price Total Checkouts Full call number Date last seen Copy number Koha item type
  Dewey Decimal Classification   Not For Loan Non-fiction Central Library, University of Rajshahi Central Library, University of Rajshahi Reading Room 14/09/1963 A. H. guarashi 0.00   954.035 NIB 1891 30/04/2017 C-1 Books